|
|
|
|
| LEADER |
00790cam a2200217 7i4500 |
| 001 |
0000073548 |
| 005 |
20221219090000.0 |
| 020 |
|
|
|a 9780128211274 (electronic book)
|
| 090 |
0 |
0 |
|a TA347.F5
|b M84 2022
|
| 100 |
1 |
|
|a Muftu, Sinan
|
| 245 |
1 |
0 |
|a Finite element method :
|b physics and solution methods
|c Sinan Muftu.
|
| 264 |
|
|
|a London:
|b Academic Press,
|c 2022.
|
| 300 |
|
|
|a 1 online resource (xix, 519 pages):
|b text file, pDF.
|
| 336 |
|
|
|a text
|2 rdacontent
|
| 337 |
|
|
|a computer
|2 rdamedia
|
| 338 |
|
|
|a online resource
|2 rdacarrier
|
| 650 |
|
0 |
|a Finite element method
|
| 655 |
|
0 |
|a Electronic books
|
| 856 |
4 |
2 |
|u http://library.unisel.edu.my/web/guest/mylibrary
|
| 997 |
|
|
|a Engineering & Life Sciences, Faculty
|b Engineering, Department
|
| 999 |
|
|
|a EBO0016654
|b EBOOK
|c EBOOK
|e Electronic resources
|